| 000 | 00516nam a22001817a 4500 | ||
|---|---|---|---|
| 999 |
_c524953 _d524953 |
||
| 003 | NUST | ||
| 020 | _a- | ||
| 038 | _aZafar Malik | ||
| 082 |
_a891.4934 _bSAL |
||
| 100 |
_aMalik, Muhammad Saleem Dr. _915753 |
||
| 245 |
_aJhalar / _cDr. Muhammad Saleem Malik |
||
| 260 |
_aBahawalpur : _bSaraiki Adbi Majlis ; _c1993. |
||
| 300 | _a98 p. ; | ||
| 500 | _aHardcover | ||
| 880 |
_6100-02\r _aڈاکٹر محمد سلیم ملک |
||
| 880 |
_6245-02\r _a(جھلار (سرائیکی انشائیے |
||
| 942 |
_2ddc _cBK |
||